[Event "65th ch-RUS HL"]
[Site "Tyumen RUS"]
[Date "2012.06.23"]
[Round "7"]
[White "Zvjaginsev,V"]
[Black "Demchenko,A"]
[Result "1/2-1/2"]
[WhiteElo "2683"]
[BlackElo "2575"]

1.e4 e5 2.Nf3 Nc6 3.Bb5 a6 4.Ba4 d6 5.O-O Bg4 6.c3 Nf6 7.Re1 Be7 8.h3 Bh5
9.Bxc6+ bxc6 10.d4 exd4 11.g4 Bg6 12.Nxd4 Qd7 13.Nd2 c5 14.Nf5 Bxf5 15.exf5 h6
16.c4 O-O 17.b3 c6 18.Bb2 d5 19.Rc1 d4 20.Nf3 Bd6 21.b4 Bf4 22.Rb1 cxb4 23.Bxd4 Rfd8
24.Qc2 c5 25.Bxf6 gxf6 26.Re4 Bc7 27.Rbe1 Kg7 28.Re7 Qc6 29.Kg2 Bd6 30.R7e4 Re8
31.h4 Rxe4 32.Rxe4 Re8 33.Rxe8 Qxe8 34.Qd2 Qc6 35.g5 hxg5 36.hxg5 Be5 37.Qe3 a5
38.gxf6+ Bxf6 39.Qf4 a4 40.Qg3+ Kf8 41.Qb8+ Ke7 42.Qa7+ Ke8 43.Qb8+ Bd8 44.Qe5+ Kd7
45.Qg7 Qf6 46.Qg4 Bc7 47.Nd2 Kc6 48.Nf1 Qd4 49.Qf3+ Kd7 50.Ne3 b3 51.Qa8 b2
52.Qxa4+ Ke7 53.Qc2 Be5 54.f6+ Kxf6 55.Qh7 Bf4 56.Qf5+ Kg7 57.Qg4+ Kh7 58.Qf5+ Kg7  1/2-1/2

[Event "65th ch-RUS HL"]
[Site "Tyumen RUS"]
[Date "2012.06.24"]
[Round "8"]
[White "Popov,Iv RUS"]
[Black "Zvjaginsev,V"]
[Result "1/2-1/2"]
[WhiteElo "2609"]
[BlackElo "2683"]

1.e4 e5 2.Nf3 Nc6 3.Bc4 Bc5 4.c3 Nf6 5.d3 d6 6.Bb3 Bb6 7.Nbd2 O-O 8.Nc4 Ne7
9.h3 Ng6 10.O-O c6 11.Nxb6 axb6 12.Re1 h6 13.Nh2 b5 14.Be3 Re8 15.Nf1 Be6
16.Bxe6 Rxe6 17.g3 d5 18.f4 Re8 19.f5 Nf8 20.Qc2 N8h7 21.Nd2 b6 22.a3 c5
23.Rad1 Qd7 24.Kh2 Qc6 25.c4 bxc4 26.exd5 cxd3 27.dxc6 dxc2 28.Rc1 Rac8 29.Rxc2 Nd5
30.Bf2 Rxc6 31.b4 Nhf6 32.bxc5 e4 33.Nf1 Ra8 34.Ne3 Nxe3 35.Rxe3 bxc5 36.Rec3 c4
37.Rxc4 Rxc4 38.Rxc4 Rxa3 39.Bd4 Nd5 40.Rc5 Ne3 41.Bxe3 Rxe3 42.Rc8+ Kh7
43.Rc7 f6 44.Re7 Re2+ 45.Kg1 e3 46.Kf1 Rf2+ 47.Kg1 Rxf5 48.Rxe3 Re5 49.Ra3 Re2
50.Ra7 Kg6 51.Rb7 f5 52.Rb6+ Kg5 53.Rb7 Kf6 54.Rb6+ Re6 55.Rb4 g5 56.h4 g4
57.Kf2 Rc6 58.Rb5 Rc2+ 59.Kg1 h5 60.Ra5 Ke6 61.Rb5 Rd2 62.Ra5 Rd5 63.Ra8 f4
64.gxf4 Kf5 65.Kg2 Kxf4 66.Rf8+ Ke4 67.Re8+ Kf5 68.Rf8+ Kg6 69.Rg8+ Kf7 70.Ra8 Rd3
71.Ra5 Kg6 72.Ra6+ Kf5 73.Rh6 Rd2+ 74.Kg3 Rd3+ 75.Kg2 g3 76.Rxh5+ Kf4 77.Ra5 Rd2+
78.Kg1 Kg4 79.Ra1 Kh3 80.h5 Rg2+  1/2-1/2

[Event "65th ch-RUS HL"]
[Site "Tyumen RUS"]
[Date "2012.06.25"]
[Round "9"]
[White "Zvjaginsev,V"]
[Black "Prizant,Ja"]
[Result "1/2-1/2"]
[WhiteElo "2683"]
[BlackElo "2524"]

1.d4 Nf6 2.Nf3 c5 3.d5 b5 4.c4 bxc4 5.Nc3 d6 6.e4 Nbd7 7.Bxc4 g6 8.O-O Bg7
9.h3 O-O 10.Re1 Rb8 11.Qc2 Nh5 12.Be2 Qb6 13.Na4 Qc7 14.Bg5 e5 15.dxe6 fxe6
16.Rad1 Ne5 17.Nxe5 Bxe5 18.Bxh5 gxh5 19.f4 Bg7 20.e5 dxe5 21.fxe5 Bxe5 22.Qxc5 Qxc5+
23.Nxc5 Bxb2 24.Nxe6 Re8 25.Nf4 Bf5 26.Nxh5 Bd4+ 27.Kh2 Rxe1 28.Rxe1 Rb2
29.Bf6 Bxf6 30.Nxf6+ Kf7 31.Ne4 Bxe4 32.Rxe4 Rxa2 33.Rh4 Kg7 34.Rg4+ Kf7
35.Rh4 Kg7 36.Rg4+ Kf7 37.Rh4 Kg7 38.Rg4+  1/2-1/2

[Event "65th ch-RUS HL"]
[Site "Tyumen RUS"]
[Date "2012.06.26"]
[Round "10"]
[White "Bocharov,D"]
[Black "Zvjaginsev,V"]
[Result "1-0"]
[WhiteElo "2600"]
[BlackElo "2683"]

1.c4 c5 2.Nf3 Nf6 3.g3 e6 4.Bg2 Be7 5.d4 d5 6.O-O O-O 7.cxd5 exd5 8.Nc3 Be6
9.Be3 Ng4 10.Bf4 Nc6 11.dxc5 Bxc5 12.Rc1 h6 13.Na4 Bb6 14.Nxb6 Qxb6 15.b3 Rfe8
16.h3 Nf6 17.Be3 Qa6 18.Qd2 Bf5 19.Rfe1 Bg6 20.Nd4 Ne4 21.Bxe4 dxe4 22.Nxc6 bxc6
23.Rc5 Qc8 24.Kh2 Re6 25.Rec1 f6 26.Rxc6 Rxc6 27.Qd5+ Bf7 28.Qxc6 Qxc6 29.Rxc6 a5
30.Rb6 a4 31.g4 axb3 32.axb3 Ra3 33.b4 Bc4 34.Kg3 Bxe2 35.Kf4 Bd3 36.b5 Ra5
37.Rb8+ Kh7 38.b6 g5+ 39.Kg3 Rb5 40.Rd8 Rb1 41.f3 Rb3 42.Rd7+ Kg6 43.f4 gxf4+
44.Kxf4 Rb1 45.Kg3 Ba6 46.h4 h5 47.gxh5+ Kxh5 48.Rd5+ Kg6 49.h5+ Kf7 50.Rd7+ Ke6
51.Ra7 Bc8 52.h6 Kd5 53.Ra5+  1-0

[Event "TCh-CHN 2012"]
[Site "Tianjin CHN"]
[Date "2012.07.13"]
[Round "9"]
[White "Zvjaginsev,V"]
[Black "Lin Chen"]
[Result "1/2-1/2"]
[WhiteElo "2683"]
[BlackElo "2446"]

1.e4 c5 2.Nf3 d6 3.d4 cxd4 4.Qxd4 Nf6 5.Bb5+ Bd7 6.c4 Nc6 7.Qd3 g6 8.O-O Bg7
9.h3 O-O 10.Nc3 a6 11.Bxc6 Bxc6 12.Be3 Nd7 13.Nd4 Nc5 14.Qc2 Ne6 15.Qd2 Nxd4
16.Bxd4 Bxd4 17.Qxd4 Qa5 18.Rad1 b5 19.cxb5 axb5 20.a3 Qa7 21.Qxa7 Rxa7 22.Rd4 Rc8
23.Rfd1 Be8 24.f3 Rc5 25.Kf2 f6 26.Ke3 Kf7 27.Nd5 Bc6 28.Nb4 Bd7 29.Rd5 Rac7
30.Rxc5 Rxc5 31.Nd3 Rc2 32.Rd2 Rc8 33.Nb4 h5 34.Na2 Rc4 35.Rd4 Rc2 36.Rd2 Rc4
37.Rd4 Rc2 38.Rd2 Rc4 39.Rd4  1/2-1/2

[Event "TCh-CHN 2012"]
[Site "Tianjin CHN"]
[Date "2012.07.14"]
[Round "10"]
[White "Zvjaginsev,V"]
[Black "Lou Yiping"]
[Result "1-0"]
[WhiteElo "2683"]
[BlackElo "2419"]

1.c4 c5 2.Nf3 Nc6 3.e3 Nf6 4.Nc3 e6 5.d4 d5 6.cxd5 exd5 7.Bb5 Be6 8.O-O Rc8
9.b3 a6 10.Bxc6+ Rxc6 11.Bb2 Rc8 12.Rc1 cxd4 13.Qxd4 Bc5 14.Qa4+ Qd7 15.Rfd1 Be7
16.Qxd7+ Bxd7 17.Nxd5 Rxc1 18.Nxf6+ Bxf6 19.Bxc1 Bg4 20.h3 Bxf3 21.gxf3 O-O
22.Rd2 Rd8 23.Rc2 Rd1+ 24.Kg2 h5 25.f4 b5 26.Bd2 g6 27.Bb4 Bd8 28.Rc8 Kg7
29.Ra8 Bh4 30.Bc3+ Bf6 31.Bxf6+ Kxf6 32.Rxa6+ Ke7 33.b4 Rd2 34.a3 Ra2 35.Kf3 Kf8
36.f5 gxf5 37.Rf6 Rxa3 38.Rxf5 Rb3 39.Rxb5 Rb2 40.h4 Kg7 41.Kg3 f6 42.f3 Kg6
43.e4 Rb1 44.Rb8 Rb2 45.b5  1-0

[Event "Vladivostok Russian Cup 2012"]
[Site "Vladivostok RUS"]
[Date "2012.09.17"]
[Round "1.3"]
[White "Zvjaginsev,V"]
[Black "Perkovsky,A"]
[Result "1-0"]
[WhiteElo "2671"]
[BlackElo "2289"]

1.d4 f5 2.Bg5 Nf6 3.Nc3 d5 4.f3 e6 5.e4 Be7 6.e5 Nfd7 7.Bxe7 Qxe7 8.Qd2 a6
9.Nd1 c5 10.c3 Nc6 11.f4 b5 12.Nf3 Nb6 13.b3 Bd7 14.dxc5 Qxc5 15.Nf2 O-O
16.Nd3 Qe7 17.Qf2 Rfb8 18.Qc5 Qxc5 19.Nxc5 Nd8 20.Kd2 Rc8 21.Nd3 Nb7 22.Nd4 Nc5
23.Nxc5 Rxc5 24.Be2 Rac8 25.Rac1 Re8 26.g4 fxg4 27.Bxg4 Bc8 28.h4 Rc7 29.Rhg1 Kh8
30.Rcf1 Kg8 31.Rg3 Rce7 32.Rfg1 Rf8 33.Ke3 Kh8 34.R3g2 Kg8 35.Bh3 Kh8 36.Rg5 Kg8
37.Bg4 Kh8 38.h5 Bd7 39.Be2 Bc8 40.Bg4 Bd7 41.Bh3 Bc8 42.R5g4 Bd7 43.Bf1 Be8
44.Rh4 Bd7 45.Bd3 Bc8 46.Rhg4 Bd7 47.Rh4 Bc8 48.Kd2 Bd7 49.Nf3 Be8 50.Ng5 h6
51.Nf3 Nd7 52.Nd4 Nc5 53.Bc2 Bf7 54.b4 Ne4+ 55.Bxe4 dxe4 56.Re1 Rc8 57.Rxe4 Rc4
58.Re3 Be8 59.Rd3 a5 60.a3 axb4 61.axb4 Kg8 62.Rg3 Kf8 63.Rg1 Rd7 64.Kd3 Bf7
65.Ra1 Bg8 66.Ra6 Bh7+ 67.Kd2 Bf5 68.Rd6 Ra7 69.Nxf5 exf5 70.Rd4 Rcc7 71.Rh1 Ra2+
72.Kd3 Ra3 73.Rc1 Rb3 74.Kd2 Rb2+ 75.Rc2 Rb1 76.Rd5 Rh1 77.e6 Rxh5 78.Rxb5 Ke7
79.Re5 Rh4 80.Rxf5 Kxe6 81.Re5+ Kf6 82.Re4 Kf5 83.Rd4 Rxf4 84.Rxf4+ Kxf4
85.c4 g5 86.b5 Ke4 87.b6 Rd7+ 88.Kc3 Rb7 89.c5 Kd5 90.Kb4 Kc6 91.Rf2 Rg7
92.Rf6+ Kb7 93.Kb5 Rg8 94.c6+ Kb8 95.Ka6 g4 96.c7+ Kc8 97.Rf7  1-0

[Event "Vladivostok Russian Cup 2012"]
[Site "Vladivostok RUS"]
[Date "2012.09.18"]
[Round "2.3"]
[White "Belozerov,A"]
[Black "Zvjaginsev,V"]
[Result "1/2-1/2"]
[WhiteElo "2506"]
[BlackElo "2671"]

1.d4 e6 2.c4 Bb4+ 3.Bd2 Bxd2+ 4.Qxd2 Nf6 5.Nf3 O-O 6.g3 d5 7.Bg2 Nbd7 8.O-O c6
9.Ne5 Nxe5 10.dxe5 Nd7 11.f4 b5 12.cxd5 cxd5 13.Nc3 Qb6+ 14.e3 b4 15.Na4 Qb5
16.b3 Nb6 17.Rfb1 Nxa4 18.bxa4 Qxa4 19.Rxb4 Qa5 20.e4 Rb8 21.Rd4 Qxd2 22.Rxd2 dxe4
23.Bxe4 Bb7 24.Bxb7 Rxb7 25.Rc1 h6 26.Kf2 g5 27.Rc4 Rfb8 28.Kf3 Kg7 29.fxg5 hxg5
30.Rg4 Rb2 31.Rxg5+ Kh6 32.Rg8 Rxd2 33.Rxb8 Rxa2 34.h4 Ra3+ 35.Kf4 Ra4+ 36.Kf3 Ra3+
37.Kf4 Ra4+ 38.Kf3 Ra3+ 39.Kf4 Ra4+ 40.Kf3 Ra3+  1/2-1/2

[Event "Vladivostok Russian Cup 2012"]
[Site "Vladivostok RUS"]
[Date "2012.09.22"]
[Round "6.3"]
[White "Smirnov,P"]
[Black "Zvjaginsev,V"]
[Result "1/2-1/2"]
[WhiteElo "2599"]
[BlackElo "2671"]

1.e4 e5 2.Nf3 Nc6 3.Bb5 a6 4.Ba4 Nf6 5.O-O Be7 6.d3 b5 7.Bb3 d6 8.a4 Bd7
9.c3 O-O 10.Nbd2 Na5 11.Bc2 c5 12.Re1 b4 13.cxb4 cxb4 14.d4 Nc6 15.Nb3 Bg4
16.d5 Na5 17.Nxa5 Qxa5 18.Bd2 Rac8 19.Rc1 Nd7 20.h3 Bh5 21.Qe2 Bd8 22.b3 Bb6
23.g4 Bg6 24.Bd3 Nc5 25.Rc4 Nxd3 26.Qxd3 Rxc4 27.Qxc4 Qc5 28.Qxc5 Bxc5 29.Nh4 a5
30.Kg2 Rc8 31.Nxg6 hxg6 32.Rc1 Kf8 33.Be3 Ke7 34.Kf3 Kd7 35.Bxc5 Rxc5 36.Rxc5 dxc5
37.Ke2 c4 38.bxc4 Kd6 39.Kd3 g5 40.Kc2 Kc5 41.Kd3  1/2-1/2

[Event "Vladivostok Russian Cup 2012"]
[Site "Vladivostok RUS"]
[Date "2012.09.24"]
[Round "8.6"]
[White "Kovalenko,I"]
[Black "Zvjaginsev,V"]
[Result "1-0"]
[WhiteElo "2611"]
[BlackElo "2671"]

1.d4 Nf6 2.Nf3 c5 3.d5 d6 4.Nc3 a6 5.a4 e6 6.e4 exd5 7.exd5 Bg4 8.h3 Bxf3
9.Qxf3 Be7 10.Be2 O-O 11.O-O Nbd7 12.a5 Ne8 13.Ne4 Nef6 14.Nd2 Ne5 15.Qb3 Qc7
16.f4 Ned7 17.Qf3 b5 18.axb6 Nxb6 19.c4 Nfd7 20.Ne4 f5 21.Ng3 g6 22.Bd3 Bf6
23.Ne2 Bg7 24.Ra2 Nf6 25.b3 Qf7 26.g4 Ne8 27.gxf5 gxf5 28.Kh1 Nc8 29.Ng3 Ne7
30.Re2 Ra7 31.Re6 Kh8 32.Rfe1 Bc3 33.R1e2 Bd4 34.Be3 Bc3 35.Bf2 Rd7 36.Bxf5 Nxf5
37.Qxc3+ Neg7 38.Ne4 Rdd8 39.Re1 Nd4 40.Bxd4 cxd4 41.Qxd4 Qxf4 42.Rg1 Qf3+
43.Kh2 Qf4+ 44.Rg3 Rd7 45.Rxd6 Rdf7 46.Rxa6 h5 47.Qe3  1-0

[Event "Vladivostok Russian Cup 2012"]
[Site "Vladivostok RUS"]
[Date "2012.09.25"]
[Round "9.9"]
[White "Zvjaginsev,V"]
[Black "Semeniuk,Al"]
[Result "1-0"]
[WhiteElo "2671"]
[BlackElo "2417"]

1.c4 Nf6 2.Nf3 g6 3.Nc3 d5 4.cxd5 Nxd5 5.e4 Nxc3 6.dxc3 Qxd1+ 7.Kxd1 Nd7
8.Bf4 c6 9.Kc2 Nc5 10.Nd2 Bg7 11.Be3 Nd7 12.a4 O-O 13.a5 Ne5 14.Bc5 f5 15.Bxe7 Re8
16.Bh4 fxe4 17.Nxe4 Bf5 18.f3 h6 19.Rd1 g5 20.Bg3 g4 21.Kc1 gxf3 22.gxf3 Nxf3
23.Nd6 Rf8 24.Bc4+ Kh8 25.Nxf5 Rxf5 26.Rhf1 Raf8 27.Bd6 Re8 28.Rd3 Nd4 29.Rxf5 Nxf5
30.Bc5 Be5 31.Bxa7 Bxh2 32.Rd7 Re1+ 33.Kd2 Re7 34.Bd4+ Kh7 35.Bd3  1-0

[Event "Petersburg Summer Blitz 2013"]
[Site "St Petersburg RUS"]
[Date "2013.08.28"]
[Round "1.3"]
[White "Zvjaginsev,V"]
[Black "Pischikov,V"]
[Result "1-0"]
[WhiteElo "2659"]
[BlackElo "2114"]

1.c4 Nf6 2.Nc3 e6 3.e4 d6 4.d4 Nbd7 5.Nf3 c5 6.Be2 cxd4 7.Nxd4 Be7 8.O-O O-O
9.Be3 a6 10.f4 Qc7 11.Rc1 b6 12.Bf3 Bb7 13.Qe2 Rac8 14.g4 Nc5 15.Bf2 d5 16.e5 Nfe4
17.cxd5 exd5 18.Be3 Qb8 19.Nf5 Rfe8 20.Nxe7+ Rxe7 21.Rfd1 Nxc3 22.Rxc3 Rd7
23.Bg2 Ne6 24.Rxc8+ Qxc8 25.f5 Nc5 26.Bd4 Ne4 27.Qe3 b5 28.f6 Qc2 29.Rc1 Qd2
30.Qxd2 Nxd2 31.g5 h6 32.h4 hxg5 33.hxg5 Kh7 34.Bh3 Rd8 35.Kf2 Ne4+ 36.Ke3 Nxg5
37.Bf5+ g6 38.Bg4 Kg8 39.Rc7 Ba8 40.e6 Nxe6 41.Bxe6 fxe6 42.f7+ Kf8 43.Bc5+ Kg7
44.f8=Q+  1-0

[Event "Petersburg Summer Blitz 2013"]
[Site "St Petersburg RUS"]
[Date "2013.08.28"]
[Round "4.2"]
[White "Yemelin,V"]
[Black "Zvjaginsev,V"]
[Result "1/2-1/2"]
[WhiteElo "2564"]
[BlackElo "2659"]

1.e4 e6 2.d4 d5 3.Nc3 Nf6 4.e5 Nfd7 5.f4 c5 6.Nf3 Nc6 7.Be3 cxd4 8.Nxd4 Bc5
9.Qd2 O-O 10.O-O-O a6 11.Qf2 Bxd4 12.Bxd4 b5 13.Be3 Qa5 14.Kb1 b4 15.Ne2 Qc7
16.Nd4 Nxd4 17.Bxd4 a5 18.Bb5 Ba6 19.Bxd7 Qxd7 20.g4 a4 21.b3 Rfc8 22.f5 Rc6
23.f6 Rac8 24.Qe3 Qd8 25.Rd2 Qf8 26.h4 Rc3 27.Qf4 axb3 28.axb3 Bb5 29.h5 Ra8
30.Qg5 Rc6 31.fxg7 Qxg7 32.Qxg7+ Kxg7 33.Rf2 Rc7 34.Rh3 Be8 35.Rhf3 Rc6 36.Rf4 Rac8
37.Be3 Rb8 38.Bd2 Rcb6 39.Be3 Rc6  1/2-1/2

[Event "Petersburg Summer Blitz 2013"]
[Site "St Petersburg RUS"]
[Date "2013.08.28"]
[Round "5.3"]
[White "Zvjaginsev,V"]
[Black "Anisimov,P2"]
[Result "0-1"]
[WhiteElo "2659"]
[BlackElo "2538"]

1.c4 e5 2.Nc3 Nc6 3.g3 d6 4.Bg2 g6 5.d3 Bg7 6.Rb1 a5 7.a3 f5 8.Nf3 Nf6 9.Bg5 h6
10.Bxf6 Qxf6 11.O-O O-O 12.Nd2 Ne7 13.b4 axb4 14.axb4 c6 15.b5 e4 16.Na4 d5
17.Nb6 Ra2 18.bxc6 bxc6 19.cxd5 cxd5 20.dxe4 dxe4 21.Ndc4 Be6 22.e3 Qc3 23.Rb3 Qf6
24.Nd7 Qf7 25.Nde5 Bxe5 26.Nxe5 Bxb3  0-1

[Event "Petersburg Summer Blitz 2013"]
[Site "St Petersburg RUS"]
[Date "2013.08.28"]
[Round "6.9"]
[White "Pershin,Denis"]
[Black "Zvjaginsev,V"]
[Result "0-1"]
[WhiteElo "2150"]
[BlackElo "2659"]

1.e4 c5 2.Nf3 Nc6 3.d4 cxd4 4.Nxd4 g6 5.Nc3 Bg7 6.Be3 Nf6 7.Be2 O-O 8.Nb3 b6
9.O-O Bb7 10.f4 Rc8 11.Bf3 d6 12.Qd2 Nd7 13.Rae1 Nb4 14.Bd4 e5 15.Be3 exf4
16.Bxf4 Ne5 17.a3 Nbc6 18.Nd5 Nc4 19.Qf2 Nxb2 20.Bg4 Rb8 21.Bg3 Ne5 22.Be2 f5
23.Bh4 g5 24.exf5 gxh4 25.f6 Bxd5 26.Qxh4  0-1

[Event "Petersburg Summer Blitz 2013"]
[Site "St Petersburg RUS"]
[Date "2013.08.28"]
[Round "8.2"]
[White "Zvjaginsev,V"]
[Black "Goganov,A"]
[Result "1-0"]
[WhiteElo "2659"]
[BlackElo "2577"]

1.e4 c5 2.Nf3 e6 3.g3 Nc6 4.Bg2 Nf6 5.Qe2 d5 6.exd5 Nxd5 7.O-O Be7 8.Rd1 Qb6
9.c3 O-O 10.Na3 Bd7 11.Nc4 Qa6 12.d3 Rfd8 13.a4 Be8 14.Bg5 h6 15.Bxe7 Ndxe7
16.Nfd2 b6 17.Ne4 Nf5 18.a5 b5 19.Ne3 Nxe3 20.Qxe3 c4 21.dxc4 bxc4 22.Nd6 Rab8
23.Qc5 Ne7 24.Nxc4 Rdc8 25.Qxe7 Qxc4 26.Rd2 Rc7 27.Qd6 Rbc8 28.Qd4 Qb3 29.Qf4 Bc6
30.Bxc6 Rxc6 31.Rad1 g6 32.Qxh6  1-0

[Event "Petersburg Summer Blitz 2013"]
[Site "St Petersburg RUS"]
[Date "2013.08.28"]
[Round "9.1"]
[White "Rozum,I"]
[Black "Zvjaginsev,V"]
[Result "1/2-1/2"]
[WhiteElo "2525"]
[BlackElo "2659"]

1.d4 e6 2.c4 Bb4+ 3.Bd2 Bxd2+ 4.Qxd2 Nf6 5.Nc3 d5 6.e3 O-O 7.Rc1 Qe7 8.Nf3 dxc4
9.Bxc4 c5 10.O-O Rd8 11.Qe2 Nc6 12.Rfd1 cxd4 13.exd4 a6 14.Ne4 Bd7 15.Bd3 g6
16.a3 Rac8 17.Nxf6+ Qxf6 18.Be4 Be8 19.d5 exd5 20.Bxd5 Rd6 21.Ba2 Rxd1+ 22.Rxd1 Kf8
23.h4 h6 24.g3 Rd8 25.Rxd8 Qxd8 26.Nd2 Qd4 27.Nf3 Qd8 28.Kh2  1/2-1/2

[Event "Petersburg Summer Blitz 2013"]
[Site "St Petersburg RUS"]
[Date "2013.08.28"]
[Round "11.5"]
[White "Zvjaginsev,V"]
[Black "Apryshko,G"]
[Result "0-1"]
[WhiteElo "2659"]
[BlackElo "2285"]

1.c4 d6 2.Nc3 g6 3.g3 Bg7 4.Bg2 Nd7 5.Nf3 h6 6.O-O e6 7.d4 Ne7 8.e4 O-O 9.h4 f5
10.exf5 Nxf5 11.Re1 Nf6 12.Qd3 Qe8 13.Re2 Qf7 14.Bd2 a6 15.Rae1 Bd7 16.Bf4 Rab8
17.a4 b6 18.Bc1 Rbe8 19.c5 b5 20.axb5 axb5 21.Nxb5 Nd5 22.Nc3 Bc6 23.cxd6 Nb4
24.Qc4 Bxf3 25.Bxf3 Nxd4 26.Bg2 Nbc2 27.Be3 Nxe2+ 28.Rxe2 Nxe3 29.fxe3 cxd6
30.Qd3 Be5 31.Kh2 Qf6 32.Kh3 d5 33.e4 d4 34.Nd1 Qe7 35.Nf2 h5 36.Qd1 Qd6
37.Nd3 Qb8 38.Qd2 Kh7 39.Qg5 Bf6 40.Qd2 Be5 41.Qg5 Bf6 42.Qd2 Be5 43.Qg5 Bg7
44.e5 Bh6  0-1

[Event "Petersburg Summer Blitz 2013"]
[Site "St Petersburg RUS"]
[Date "2013.08.28"]
[Round "12.7"]
[White "Zvjaginsev,V"]
[Black "Novik,Ma"]
[Result "1-0"]
[WhiteElo "2659"]
[BlackElo "2451"]

1.e4 c6 2.c4 d5 3.exd5 cxd5 4.cxd5 Nf6 5.Nc3 Nxd5 6.Nf3 g6 7.Bb5+ Nc6 8.Qa4 Nb6
9.Bxc6+ bxc6 10.Qxc6+ Bd7 11.Qe4 Bg7 12.O-O O-O 13.d4 Bf5 14.Qh4 Nd5 15.Bh6 Nxc3
16.bxc3 Re8 17.Bxg7 Kxg7 18.Rfe1 Rc8 19.Re3 Qd5 20.h3 h6 21.Qf4 Qd6 22.Qe5+ Qxe5
23.Nxe5 Red8 24.Nf3 Be6 25.a4 Rd6 26.Ne5 Bd5 27.Ra3 e6 28.Nd3 Rb8 29.f3 Rb1+
30.Kf2 Rdb6 31.a5 R6b3 32.Rxb3 Rxb3 33.Nc5 Ra3 34.a6 Bc4 35.Re1 Ra2+ 36.Ke3 Bxa6
37.Nxa6 Rxa6 38.Re2 Kf8 39.Rb2 Rb6 40.Ra2 a6 41.c4 Ke7 42.c5 Rc6 43.Kd3 Kd7
44.Kc4 Kc7 45.f4 Kb7 46.g4 Rc7 47.f5 gxf5 48.gxf5 Rc6 49.Rg2 a5 50.Rg7 Ra6
51.Rxf7+ Kc8 52.fxe6 Rxe6 53.d5 Re3 54.c6 Rxh3 55.d6  1-0

[Event "Petersburg Summer Blitz 2013"]
[Site "St Petersburg RUS"]
[Date "2013.08.28"]
[Round "13.4"]
[White "Malakhov,I"]
[Black "Zvjaginsev,V"]
[Result "1/2-1/2"]
[WhiteElo "2434"]
[BlackElo "2659"]

1.e4 d6 2.d4 Nf6 3.Nc3 g6 4.g3 Bg7 5.Bg2 O-O 6.Nge2 c5 7.O-O cxd4 8.Nxd4 Nc6
9.Nde2 Rb8 10.a4 a6 11.h3 b5 12.axb5 axb5 13.Be3 b4 14.Nd5 Nd7 15.Ra2 e6
16.Ndf4 Qe7 17.b3 Bb7 18.Qd2 Rfd8 19.Rd1 Nc5 20.Nd3 Nxd3 21.Qxd3 Qc7 22.Qd2 Ra8
23.Rxa8 Bxa8 24.Nc1 Bc3 25.Qe2 Qa5 26.f4 Bb7 27.Qf2 Rd7 28.Ne2 Bg7 29.Nd4 Qa8
30.Nb5 Qb8 31.e5 d5 32.Ra1 Bc8 33.Nd4 Rc7 34.Nxc6 Rxc6 35.Bf1 Bf8 36.Bd3 d4
37.Bxd4 Bb7 38.Ra5 Rc8 39.Rb5 Qc7 40.Rb6 Ra8 41.Kh2 Rd8 42.Be3 Ba8 43.g4 g5
44.Kg3 Bg7 45.Rb5 Qc6 46.fxg5  1/2-1/2

[Event "Petersburg Summer Rapid 2013"]
[Site "St Petersburg RUS"]
[Date "2013.08.31"]
[Round "1.5"]
[White "Zvjaginsev,V"]
[Black "Fedotov,K"]
[Result "1-0"]
[WhiteElo "2659"]
[BlackElo "1961"]

1.c4 e5 2.g3 g6 3.d4 exd4 4.Qxd4 Qf6 5.Qe3+ Qe6 6.Nc3 Ne7 7.Nb5 Na6 8.Qc3 Rg8
9.Nf3 Nf5 10.Bh3 Qe4 11.O-O Bb4 12.Qb3 d5 13.Nxc7+ Nxc7 14.Qxb4 Nxg3 15.fxg3 Bxh3
16.Rf2 Qxc4 17.Qd6 Qc6 18.Qe5+ Be6 19.Ng5 O-O-O 20.Bf4 Rd7 21.Rc1 Qb6 22.e3 h6
23.Rfc2 hxg5 24.Rxc7+ Rxc7  1-0

[Event "Petersburg Summer Rapid 2013"]
[Site "St Petersburg RUS"]
[Date "2013.08.31"]
[Round "2.5"]
[White "Kashtanov,R"]
[Black "Zvjaginsev,V"]
[Result "0-1"]
[WhiteElo "2322"]
[BlackElo "2659"]

1.e4 c5 2.Nf3 g6 3.Bc4 Bg7 4.c3 e6 5.Qe2 Ne7 6.d3 Nbc6 7.Bb3 d6 8.h4 h6 9.Nbd2 b5
10.Nf1 b4 11.Bd2 bxc3 12.Bxc3 Nd4 13.Nxd4 cxd4 14.Bd2 a5 15.Ba4+ Bd7 16.Qd1 Bxa4
17.Qxa4+ Qd7 18.Qa3 O-O 19.Nh2 d5 20.exd5 Nxd5 21.O-O Rfb8 22.b3 Qb5 23.Rfd1 Nc3
24.Bxc3 dxc3 25.d4 a4 26.Nf3 axb3 27.Qxb3 Qxb3 28.axb3 c2  0-1

[Event "Petersburg Summer Rapid 2013"]
[Site "St Petersburg RUS"]
[Date "2013.08.31"]
[Round "4.2"]
[White "Pridorozhni,A"]
[Black "Zvjaginsev,V"]
[Result "1/2-1/2"]
[WhiteElo "2516"]
[BlackElo "2659"]

1.e4 c5 2.Nf3 g6 3.d4 cxd4 4.Nxd4 Nc6 5.Nc3 Bg7 6.Be3 Nf6 7.Nxc6 dxc6 8.Qxd8+ Kxd8
9.O-O-O+ Ke8 10.f3 Be6 11.Ne2 Bc4 12.b3 Ba6 13.Bd4 Nh5 14.Bxg7 Nxg7 15.Nf4 Bxf1
16.Rhxf1 Rd8 17.a4 f6 18.Nd3 Ne6 19.f4 Rg8 20.g3 Kf7 21.Kb2 Rd4 22.f5 gxf5
23.exf5 Ng7 24.Nc5 Rxd1 25.Rxd1 b6 26.Na6 Nxf5 27.Rd7 Ra8 28.Nc7 Rb8 29.Na6 Ra8
30.Nc7 Rb8 31.Na6 Ra8  1/2-1/2

[Event "Petersburg Summer Rapid 2013"]
[Site "St Petersburg RUS"]
[Date "2013.09.01"]
[Round "5.3"]
[White "Zvjaginsev,V"]
[Black "Gorovets,A"]
[Result "1/2-1/2"]
[WhiteElo "2659"]
[BlackElo "2467"]

1.c4 e6 2.Nc3 d5 3.d4 a6 4.cxd5 exd5 5.Nf3 c6 6.Qb3 Bd6 7.e4 dxe4 8.Ng5 Qe7
9.Bc4 Nh6 10.O-O b5 11.Ncxe4 bxc4 12.Nxd6+ Qxd6 13.Re1+ Kd8 14.Qxc4 Re8 15.Rxe8+ Kxe8
16.Bd2 Qd5 17.Re1+ Be6 18.Qd3 Nd7 19.Nxe6 fxe6 20.Bxh6 gxh6 21.Qxh7 Nf8 22.Qb7 Rd8
23.Qxa6 Rd6 24.Qc8+ Ke7 25.b3 Qxd4 26.g3 Qb6 27.Qa8 Rd2 28.Re3 Rd1+ 29.Kg2 Qd8
30.Qxc6 Qd5+ 31.Qxd5 Rxd5 32.b4 Rd2 33.a4 Nd7 34.a5 Rb2 35.Re4 Nf6 36.Rc4 Ra2
37.Rc7+ Kd6 38.Ra7 Ne4 39.b5 Rxf2+ 40.Kg1 Rb2 41.b6 Nc5 42.Ra8 Kc6 43.a6 Rb1+
44.Kg2 Rb2+ 45.Kg1 Rb1+ 46.Kg2 Rb2+ 47.Kh3 Nxa6 48.Rxa6 Rxb6  1/2-1/2

[Event "Petersburg Summer Rapid 2013"]
[Site "St Petersburg RUS"]
[Date "2013.09.01"]
[Round "7.11"]
[White "Zvjaginsev,V"]
[Black "Savitskiy,S"]
[Result "1/2-1/2"]
[WhiteElo "2659"]
[BlackElo "2379"]

1.c4 Nf6 2.Nc3 g6 3.g3 Bg7 4.Bg2 O-O 5.Nf3 d6 6.O-O Nc6 7.d3 e5 8.Rb1 a5
9.a3 h6 10.b4 axb4 11.axb4 Be6 12.b5 Ne7 13.Qc2 Qc8 14.Rd1 Bh3 15.Bh1 Nh5
16.Nd5 Nxd5 17.cxd5 f5 18.Bd2 f4 19.Be1 Rf7 20.b6 g5 21.Rdc1 cxb6 22.Qxc8+ Rxc8
23.Rxc8+ Bxc8 24.Nd2 Bf8 25.Rxb6 Bg4 26.Bf3 Bxf3 27.Nxf3 Nf6 28.Rb5 Rc7 29.Kg2 Rc2
30.Ng1 g4 31.gxf4 exf4 32.f3 h5 33.Bh4 Nd7 34.Rxb7 Ne5 35.Bf2 gxf3+ 36.Nxf3 Rxe2
37.Nxe5 Rxe5 38.Rb5 Re2 39.Kf3 Rd2 40.Rb3 Bg7 41.h4 Be5 42.Be1 Rh2 43.Bf2 Kf7
44.Rb7+ Kg6 45.Rd7 Kf5 46.Rf7+ Kg6 47.Rd7 Kf5  1/2-1/2

[Event "Petersburg Summer Rapid 2013"]
[Site "St Petersburg RUS"]
[Date "2013.09.01"]
[Round "8.10"]
[White "Obolenskikh,D"]
[Black "Zvjaginsev,V"]
[Result "1/2-1/2"]
[WhiteElo "2486"]
[BlackElo "2659"]

1.Nf3 c5 2.c4 g6 3.e4 Nc6 4.d4 cxd4 5.Nxd4 Nf6 6.Nc3 d6 7.Be2 Nxd4 8.Qxd4 Bg7
9.Be3 O-O 10.Qd2 Qa5 11.f3 Be6 12.Nd5 Qxd2+ 13.Kxd2 Nxd5 14.cxd5 Bd7 15.Rac1 Rfc8
16.b3 a6 17.Rxc8+ Rxc8 18.Rc1  1/2-1/2

[Event "Petersburg Summer Rapid 2013"]
[Site "St Petersburg RUS"]
[Date "2013.09.01"]
[Round "10.8"]
[White "Matinian,N"]
[Black "Zvjaginsev,V"]
[Result "1/2-1/2"]
[WhiteElo "2472"]
[BlackElo "2659"]

1.e4 c5 2.Nf3 g6 3.d4 cxd4 4.Qxd4 Nf6 5.e5 Nc6 6.Qa4 Nd5 7.Qe4 Nb6 8.Nc3 Bg7
9.Bf4 d5 10.exd6 Bf5 11.Qe3 O-O 12.O-O-O exd6 13.Rxd6 Qc8 14.Bb5 Na5 15.Nd2 Nbc4
16.Nxc4 Nxc4 17.Bxc4 Qxc4 18.Be5 Rfe8 19.f4 Rac8 20.Qxa7 Rxe5 21.fxe5 Bxe5
22.Rd2 Bxc3 23.bxc3 Qxc3 24.Qxb7 Qe3 25.Qb2 Rxc2+  1/2-1/2

[Event "Petersburg Summer Rapid 2013"]
[Site "St Petersburg RUS"]
[Date "2013.09.01"]
[Round "11.9"]
[White "Zvjaginsev,V"]
[Black "Usmanov,V"]
[Result "1-0"]
[WhiteElo "2659"]
[BlackElo "2377"]

1.c4 e6 2.Nc3 d5 3.d4 Nf6 4.Bg5 Be7 5.e3 Nbd7 6.Rc1 c6 7.Nf3 O-O 8.Bd3 h6
9.Bh4 Re8 10.O-O dxc4 11.Bxc4 Nd5 12.Bg3 Nxc3 13.bxc3 c5 14.Bd3 Nf6 15.Ne5 Bd7
16.Bb1 Bb5 17.c4 Bc6 18.f3 cxd4 19.exd4 Ba3 20.Rc3 Qa5 21.Qd3 Bb4 22.Rb3 Rad8
23.Bf2 Ba4 24.Rb2 Kf8 25.a3 Bd6 26.Ng4 Qh5 27.h3 Bc6 28.Nxf6 gxf6 29.Qh7 f5
30.d5 Be5 31.Re2 Ke7 32.Rxe5 Rh8 33.Rxe6+ Kd7  1-0